[Event "East Lansing (Class C/1/1)"]
[Site "?"]
[Date "1995.??.??"]
[Round "?"]
[White "Alliston, Richard"]
[Black "Quander, K."]
[Result "0-1"]
[WhiteElo "1605"]
[BlackElo "1605"]
[PlyCount "78"]
[EventDate "1995.??.??"]

{1/(1)} 1. d4 Nf6 2. c4 d5 3. Nc3 e6 4. e3 Nbd7 5. a3 a5 6. Nf3 c6 7. Bd3 Bd6
8. c5 Bc7 9. Qc2 e5 10. Be2 e4 11. Nd2 Ng8 12. O-O f5 13. f3 Ndf6 14. fxe4 fxe4
15. Qd1 h5 16. Rf2 Ng4 17. Bxg4 Bxg4 18. Qf1 Qe7 19. Ne2 g5 20. b3 Rh6 21. Bb2
Nf6 22. h3 Be6 23. g3 h4 24. gxh4 gxh4 25. Nf4 Bxf4 26. Rxf4 Nh5 27. Rf2 Ng3
28. Qg2 O-O-O 29. Qh2 Rg8 30. Rg2 Rhg6 31. Re1 Qd7 32. Nf1 Bxh3 33. Nxg3 Bxg2
34. Ne2 Bf3+ 35. Kf1 Qg4 36. Nf4 Bg2+ 37. Qxg2 Qxg2+ 38. Nxg2 Rxg2 39. Re2 Rxe2
0-1

[Event "Ann Arbor (HVA/4/7)"]
[Site "?"]
[Date "1995.??.??"]
[Round "?"]
[White "Alliston, Richard"]
[Black "Jointer, William"]
[Result "1-0"]
[WhiteElo "1605"]
[BlackElo "1700"]
[PlyCount "111"]
[EventDate "1995.??.??"]

{4/(7)} 1. d4 Nf6 2. c4 e6 3. Nc3 Bb4 4. Qc2 b6 5. e4 Bb7 6. Bd3 d5 7. cxd5
exd5 8. e5 Ne4 9. Nf3 O-O 10. O-O Bxc3 11. bxc3 f5 12. exf6 Qxf6 13. Ne5 c5 14.
f3 Ng5 15. Bxg5 Qxg5 16. Bxh7+ Kh8 17. Ng6+ Kxh7 18. Nxf8+ Kg8 19. Ne6 Qf6 20.
Nc7 Nd7 21. Nxa8 Bxa8 22. Rae1 Qf7 23. Re3 Nf6 24. Rfe1 Kf8 25. Qe2 Bc6 26. Re7
Qg6 27. Qe6 Be8 28. Rxa7 Bf7 29. Qe7+ Kg8 30. dxc5 bxc5 31. Qxc5 Kh7 32. Qd4
Kg8 33. a4 Ne8 34. a5 Nd6 35. Ra8+ Be8 36. Qxd5+ Kh7 37. Raxe8 Nxe8 38. Qe4 Nc7
39. Qxg6+ Kxg6 40. c4 Kf6 41. Rb1 Ke6 42. a6 g5 43. a7 Kd6 44. Rb8 Kc5 45. a8=Q
Nxa8 46. Rxa8 Kxc4 47. Rg8 Kd5 48. Rxg5+ Ke6 49. Rg4 Kf5 50. h4 Kf6 51. h5 Kf5
52. h6 Kf6 53. h7 Kf7 54. h8=Q Ke7 55. Qh6 Kf7 56. Rg7+ 1-0

[Event "Troy (TCC Res/3/16)"]
[Site "?"]
[Date "1995.??.??"]
[Round "?"]
[White "Alliston, Richard"]
[Black "Jankowski, A."]
[Result "1-0"]
[WhiteElo "1605"]
[BlackElo "1605"]
[PlyCount "86"]
[EventDate "1995.??.??"]

{3/(16)} 1. d4 e6 2. c4 Nf6 3. Nc3 a6 4. Nf3 c6 5. e3 d6 6. Bd3 b5 7. cxb5 axb5
8. O-O Nbd7 9. b3 Be7 10. Bb2 O-O 11. Qc2 Bb7 12. Rfe1 g6 13. a3 Qc7 14. Nxb5
Qb6 15. Nc3 c5 16. Na4 Qc7 17. dxc5 dxc5 18. Nc3 Bxf3 19. gxf3 Rac8 20. f4 Rfd8
21. Rac1 Nh5 22. Ne4 f6 23. Ng3 Ng7 24. b4 e5 25. f5 g5 26. Qe2 Nf8 27. Ne4 Qa7
28. bxc5 Rb8 29. Qc2 Rxb2 30. Bc4+ Kh8 31. Qxb2 Bxc5 32. Nxc5 Qxc5 33. Bb5 Qb6
34. Rc6 Qb7 35. Rxf6 Nh5 36. Rh6 Qe4 37. Qe2 Nf4 38. exf4 Qxe2 39. Rxe2 gxf4
40. Rxe5 f3 41. Re1 Kg7 42. Rc6 h5 43. h4 Nh7 1-0

[Event "East Lansing (MOR/6/23)"]
[Site "?"]
[Date "1995.??.??"]
[Round "?"]
[White "Alliston, Richard"]
[Black "Davis, Ralph"]
[Result "0-1"]
[WhiteElo "1605"]
[BlackElo "1605"]
[PlyCount "82"]
[EventDate "1995.??.??"]

{6/(23)} 1. d4 Nf6 2. c4 e6 3. Nc3 Bb4 4. Qc2 O-O 5. Nf3 c5 6. e3 b6 7. Be2 Bb7
8. O-O Bxc3 9. Qxc3 d6 10. dxc5 Ne4 11. Qc2 Nxc5 12. Nd2 Nc6 13. a3 a5 14. Bf3
Qc7 15. b3 Ne5 16. Bxb7 Qxb7 17. Bb2 Ng6 18. g3 f5 19. b4 Ne4 20. Nxe4 Qxe4 21.
Qxe4 fxe4 22. Rfd1 Rfd8 23. Rd2 Ne7 24. Rad1 d5 25. b5 a4 26. Bc3 Rac8 27. Bb4
Kf7 28. Bxe7 Kxe7 29. cxd5 exd5 30. Rd4 Rc4 31. Kf1 Rd7 32. Rb1 Rxd4 33. exd4
Rc7 34. Rb4 Rc4 35. Rxc4 dxc4 36. Ke2 Kd6 37. Kd2 Kd5 38. Kc3 h5 39. h3 g5 40.
Kd2 Kxd4 41. g4 h4 0-1

[Event "East Lansing (MOR/2/38)"]
[Site "?"]
[Date "1995.??.??"]
[Round "?"]
[White "Alliston, Richard"]
[Black "Charette, B."]
[Result "0-1"]
[WhiteElo "1605"]
[BlackElo "1605"]
[PlyCount "112"]
[EventDate "1995.??.??"]

{2/(38)} 1. d4 d5 2. c4 e6 3. Nc3 Nf6 4. Nf3 Bb4 5. Qc2 Nbd7 6. e3 c5 7. Bd3
Qa5 8. Bd2 Bxc3 9. Bxc3 Qc7 10. dxc5 Qxc5 11. b4 Qc7 12. cxd5 exd5 13. O-O b6
14. Rac1 Bb7 15. Qb2 Qd6 16. Rfd1 O-O 17. Ne5 Rad8 18. Nxd7 Rxd7 19. Bf5 Rc7
20. Be5 Rxc1 21. Rxc1 Qe7 22. Rc7 Nd7 23. Rxd7 Qg5 24. g4 Bc8 25. f4 Qh4 26.
Rxd5 Bb7 27. Rd1 g6 28. Bf6 Qh6 29. Bg5 Qh3 30. Bd7 Qf3 31. Qc2 Qh1+ 32. Kf2
Qg2+ 33. Ke1 Qxc2 34. Rd2 Qc1+ 35. Ke2 Ba6+ 36. b5 Qc4+ 37. Kf2 Bxb5 38. Kg3
Bxd7 39. Rxd7 Qc3 40. Re7 Qe1+ 41. Kf3 Qh1+ 42. Kg3 Qg1+ 43. Kf3 f5 44. gxf5
gxf5 45. h4 Qf1+ 46. Kg3 a5 47. Bh6 Rd8 48. Rg7+ Kf8 49. Rxh7+ Ke8 50. Rh8+ Kd7
51. Rh7+ Kc6 52. Re7 Rd3 53. Re6+ Kb7 54. Re7+ Ka6 55. h5 Qg1+ 56. Kf3 Rd2 0-1

[Event "Detroit (MI Action/3/14)"]
[Site "?"]
[Date "1995.??.??"]
[Round "?"]
[White "Aldrich, Justin"]
[Black "Taylor, Walt"]
[Result "1-0"]
[WhiteElo "1605"]
[BlackElo "1605"]
[PlyCount "71"]
[EventDate "1995.??.??"]

{3/(14)} 1. e4 e5 2. Nf3 Nc6 3. Bc4 d6 4. Nc3 Bg4 5. h3 Bxf3 6. Qxf3 Nf6 7. d3
Be7 8. Bg5 O-O 9. O-O Nd4 10. Qd1 h6 11. Bh4 Nd7 12. Bxe7 Qxe7 13. f4 Nc5 14.
Nd5 Qd8 15. c3 Nde6 16. f5 c6 17. fxe6 cxd5 18. exf7+ Kh8 19. Bxd5 Qd7 20. d4
exd4 21. cxd4 Ne6 22. Qg4 Nc5 23. dxc5 Qxg4 24. hxg4 dxc5 25. Bxb7 Rab8 26. Bd5
Rxb2 27. Rab1 Rd2 28. Rb7 Kh7 29. Rxa7 Rb2 30. Re7 Rbb8 31. a4 Rbc8 32. a5 g5
33. a6 Kg6 34. a7 Rxf7 35. Rexf7 Ra8 36. R1f6# 1-0

[Event "Grand Rapids (MI Am/1/8)"]
[Site "?"]
[Date "1995.??.??"]
[Round "?"]
[White "Aldrich, Justin"]
[Black "Sheridan, Gregory"]
[Result "0-1"]
[WhiteElo "1605"]
[BlackElo "1875"]
[PlyCount "86"]
[EventDate "1995.??.??"]

{1/(8)} 1. e4 d6 2. Bc4 Nf6 3. Nc3 g6 4. Nf3 Bg7 5. d3 O-O 6. Be3 c5 7. Qd2 Re8
8. Ng5 e6 9. h3 Nc6 10. Bb5 a6 11. Bxc6 bxc6 12. e5 Nd5 13. exd6 Nxe3 14. Qxe3
Qb6 15. Na4 Qb4+ 16. c3 Qxa4 17. Qxc5 Qb5 18. d4 e5 19. O-O-O exd4 20. cxd4 Re2
21. b3 Bf5 22. Rd2 Rxd2 23. Kxd2 Qd3+ 24. Kc1 Qb1+ 25. Kd2 Qb2+ 26. Ke3 Re8+
27. Kf3 Bxd4 28. Qxd4 Qxd4 29. d7 Bxd7 30. g4 Qd5+ 31. Kg3 Qxh1 32. Nf3 h5 33.
b4 hxg4 34. hxg4 Bxg4 35. Kxg4 Re4+ 36. Kg3 f5 37. Nh2 Qg1+ 38. Kh3 Rh4+ 39.
Kxh4 Qxh2+ 40. Kg5 Kg7 41. b5 Qe5 42. bxa6 Qe4 43. f4 Qe7# 0-1

[Event "Troy (US Am N/3/27)"]
[Site "?"]
[Date "1995.??.??"]
[Round "?"]
[White "Aldrich, Justin"]
[Black "Moore, Robert"]
[Result "1-0"]
[WhiteElo "1605"]
[BlackElo "1715"]
[PlyCount "107"]
[EventDate "1995.??.??"]

{3/(27)} 1. e4 c5 2. Nf3 d6 3. Bc4 e6 4. Nc3 Be7 5. d4 cxd4 6. Nxd4 Nf6 7. Bg5
O-O 8. O-O a6 9. Re1 Nc6 10. Nxc6 bxc6 11. e5 dxe5 12. Rxe5 Qc7 13. Re3 Nd5 14.
Nxd5 cxd5 15. Bxe7 Qxe7 16. Bd3 g6 17. Qd2 e5 18. c4 dxc4 19. Bxc4 Kg7 20. f4
e4 21. Qd4+ Qf6 22. Qxf6+ Kxf6 23. Rxe4 Ra7 24. Rae1 Rd7 25. Re8 Rxe8 26. Rxe8
Rd1+ 27. Kf2 Be6 28. Bxe6 fxe6 29. Ke2 Rg1 30. Kf2 Rd1 31. Ra8 Rd2+ 32. Kf3
Rxb2 33. Rxa6 Rc2 34. a4 Rc3+ 35. Kg4 h5+ 36. Kh4 Rc2 37. Kh3 Kf5 38. g3 h4 39.
a5 Ra2 40. Ra8 e5 41. fxe5 g5 42. Rf8+ Kxe5 43. gxh4 gxh4 44. Re8+ Kd6 45. Ra8
Kc6 46. Rc8+ Kb7 47. Rc5 Ra4 48. Kg2 Ka6 49. Kh3 Rxa5 50. Rxa5+ Kxa5 51. Kxh4
Kb6 52. Kg5 Kc7 53. Kf6 Kd7 54. h4 1-0

[Event "Detroit (MI Action/5/14)"]
[Site "?"]
[Date "1995.??.??"]
[Round "?"]
[White "Aldrich, Justin"]
[Black "Menczer, David"]
[Result "1-0"]
[WhiteElo "1605"]
[BlackElo "1605"]
[PlyCount "71"]
[EventDate "1995.??.??"]

{5/(14)} 1. e4 e5 2. Nf3 Nc6 3. Bc4 Bc5 4. d3 d6 5. Nc3 Nf6 6. h3 Be6 7. Bg5 h6
8. Bh4 g5 9. Bxe6 fxe6 10. Bg3 Nh5 11. Ne2 Nf4 12. Rg1 d5 13. exd5 Bb4+ 14. c3
Nxd3+ 15. Qxd3 exd5 16. Qg6+ Kd7 17. cxb4 Qe7 18. O-O-O Nxb4 19. a3 Qc5+ 20.
Nc3 Na2+ 21. Kb1 Nxc3+ 22. bxc3 c6 23. Nxe5+ Kc7 24. Nd3+ Kb6 25. Nxc5 Kxc5 26.
Qd6+ Kb5 27. Qb4+ Ka6 28. Bc7 b5 29. Qa5+ Kb7 30. Rge1 Rh7 31. Bd6 Rd7 32. Re7
Rxe7 33. Bxe7 Re8 34. Bc5 Kc8 35. Qxa7 Kd8 36. Bb6+ 1-0

[Event "Ann Arbor (HVA/5/6)"]
[Site "?"]
[Date "1995.??.??"]
[Round "?"]
[White "Aldrich, Justin"]
[Black "Kane, Paul"]
[Result "0-1"]
[WhiteElo "1605"]
[BlackElo "1630"]
[PlyCount "88"]
[EventDate "1995.??.??"]

{5/(6)} 1. e4 c5 2. Nc3 e6 3. Nf3 Nc6 4. d3 g6 5. Be2 Bg7 6. Bg5 Nge7 7. Qd2
O-O 8. Bh6 Nd4 9. Nxd4 cxd4 10. Bxg7 Kxg7 11. Nb5 Qb6 12. Qb4 Nc6 13. Qb3 Na5
14. Qb4 Nc6 15. Qc4 a6 16. Nd6 Ne5 17. Nxc8 Qxb2 18. Qc7 Qxa1+ 19. Bd1 Nxd3+
20. cxd3 Raxc8 21. Qxd7 Rc1 22. Qa4 Qc3+ 23. Ke2 Qb2+ 24. Ke1 Rfc8 25. Qb3 R8c2
26. Qxb2 Rxb2 27. f3 Rxa2 28. f4 b5 29. Rf1 a5 30. f5 e5 31. fxg6 hxg6 32. g4
Rxh2 33. g5 a4 34. Rf6 Rh1+ 35. Rf1 Rxd1+ 36. Kxd1 Rxf1+ 37. Kc2 b4 38. Kd2 b3
39. Ke2 Rc1 40. Kf3 b2 41. Kg4 b1=Q 42. Kg3 Qxd3+ 43. Kf2 Rc2+ 44. Kg1 Qd1# 0-1

[Event "Detroit (MI Team/2/4/2)"]
[Site "?"]
[Date "1995.??.??"]
[Round "?"]
[White "Aldrich, Justin"]
[Black "Jointer, William"]
[Result "1-0"]
[WhiteElo "1605"]
[BlackElo "1700"]
[PlyCount "121"]
[EventDate "1995.??.??"]

{2/4} 1. e4 g6 2. Nf3 Bg7 3. Bc4 d6 4. h3 Nf6 5. Nc3 O-O 6. d4 Nxe4 7. Nxe4 d5
8. Bd3 dxe4 9. Bxe4 c5 10. dxc5 Qxd1+ 11. Kxd1 Nd7 12. c6 bxc6 13. Bxc6 Rb8 14.
Re1 e6 15. c3 Rd8 16. Kc2 Nb6 17. Bf4 e5 18. Nxe5 Bf5+ 19. Be4 Bxe4+ 20. Rxe4
Rb7 21. Nc6 Ra8 22. Rae1 f5 23. Re7 Rxe7 24. Rxe7 Nd5 25. Rd7 Nxf4 26. Nxa7
Nxg2 27. c4 Nf4 28. c5 Ne6 29. b4 Nd4+ 30. Kd3 Nf3 31. Rc7 Ne5+ 32. Ke3 Nc4+
33. Kd3 Ne5+ 34. Kc2 Nf3 35. Kb3 Bd4 36. a4 Bxf2 37. b5 Bxc5 38. Rxc5 Rxa7 39.
b6 Rb7 40. a5 Nd4+ 41. Kc4 Ne6 42. Rc6 Kf7 43. a6 Nd8 44. Rc7+ Kf6 45. Rxb7 f4
46. a7 Nxb7 47. a8=Q Nd6+ 48. Kd5 Nf5 49. Qf8+ Kg5 50. Ke4 Ng3+ 51. Kf3 Nh5 52.
Qe7+ Kh6 53. h4 Ng3 54. Kxf4 Nf5 55. Qg5+ Kg7 56. h5 Kg8 57. hxg6 Ng7 58. Qf6
Nh5+ 59. Kg5 Nxf6 60. Kxf6 h6 61. b7 1-0

[Event "Detroit (MI Action/1/21)"]
[Site "?"]
[Date "1995.??.??"]
[Round "?"]
[White "Aldrich, Justin"]
[Black "Horne, Terese"]
[Result "1-0"]
[WhiteElo "1605"]
[BlackElo "1605"]
[PlyCount "38"]
[EventDate "1995.??.??"]

{1/(21)} 1. e4 e6 2. d4 e5 3. dxe5 Bc5 4. Nf3 b6 5. Bg5 f6 6. exf6 gxf6 7. Bf4
Qe7 8. Nbd2 f5 9. Bd3 d5 10. e5 Qe6 11. O-O Ne7 12. Re1 Rg8 13. c4 Qg6 14. g3
Nbc6 15. cxd5 Nxd5 16. Nh4 Qg4 17. Qxg4 fxg4 18. Bxh7 Rg7 19. Be4 Nxf4 1-0

[Event "East Lansing (MOR/1b/6)"]
[Site "?"]
[Date "1995.??.??"]
[Round "?"]
[White "Aldrich, Justin"]
[Black "Gregory, Kevin"]
[Result "0-1"]
[WhiteElo "1605"]
[BlackElo "1730"]
[PlyCount "58"]
[EventDate "1995.??.??"]

1. e4 c5 2. Bc4 d6 3. Nc3 Nf6 4. d3 g6 5. Bg5 Bg7 6. Nf3 O-O 7. Qd2 Nc6 8. Bh6
a6 9. Rb1 Bg4 10. Bxg7 Kxg7 11. Qe3 b5 12. Bb3 Bxf3 13. Qxf3 Nd4 14. Qd1 a5 15.
Ne2 e5 16. c3 Nc6 17. O-O Nh5 18. Bd5 Rc8 19. Qb3 b4 20. f4 Nf6 21. Ng3 Ng4 22.
Rbe1 Qh4 23. h3 Qxg3 24. hxg4 exf4 25. Rd1 Ne5 26. d4 Nxg4 27. Rfe1 f3 28. Qc2
Qh2+ 29. Kf1 Qh1# 0-1

[Event "Troy (US Am N/4/18)"]
[Site "?"]
[Date "1995.??.??"]
[Round "?"]
[White "Aldrich, Justin"]
[Black "Grams, Paul"]
[Result "0-1"]
[WhiteElo "1605"]
[BlackElo "1825"]
[PlyCount "92"]
[EventDate "1995.??.??"]

{4/(18)} 1. e4 c5 2. Nf3 d6 3. Bc4 Nf6 4. d3 a6 5. Bg5 e6 6. O-O Be7 7. e5 dxe5
8. Nxe5 Nbd7 9. Nf3 b5 10. Bb3 Bb7 11. Nbd2 O-O 12. c3 Rc8 13. Re1 Qc7 14. Bc2
Rfd8 15. Qe2 h6 16. Bh4 Qc6 17. Bg3 Nh5 18. Qe4 Nxg3 19. Qxc6 Bxc6 20. hxg3 Nf6
21. Rad1 Bb7 22. d4 cxd4 23. Nxd4 Rxd4 24. cxd4 Rxc2 25. Nb3 Rxb2 26. Nc5 Bc8
27. Rc1 Rxa2 28. Ne4 Bb7 29. f3 Nd5 30. Nc5 Bxc5 31. dxc5 Bc6 32. Ra1 Rxa1 33.
Rxa1 Nb4 34. Kf2 Kf8 35. Ke3 Nc2+ 36. Kf4 Nxa1 37. Ke5 Ke7 38. Kf4 Nc2 39. g4
b4 40. g5 hxg5+ 41. Kxg5 b3 42. g4 b2 43. f4 b1=Q 44. f5 Qc1+ 45. Kh5 Qh1+ 46.
Kg5 Qh6# 0-1

[Event "East Lansing (Class DE/2/15)"]
[Site "?"]
[Date "1995.??.??"]
[Round "?"]
[White "Aldrich, Justin"]
[Black "Dowling, James"]
[Result "0-1"]
[WhiteElo "1605"]
[BlackElo "1605"]
[PlyCount "112"]
[EventDate "1995.??.??"]

{2/(15)} 1. e4 c5 2. Bc4 e6 3. Nc3 Nc6 4. Nf3 g6 5. d4 cxd4 6. Nxd4 Bg7 7. Be3
Na5 8. Be2 a6 9. Bf3 Nc4 10. Qe2 Nxe3 11. Qxe3 Bh6 12. Qd3 e5 13. Nde2 Nf6 14.
Qd6 Qe7 15. Qxe7+ Kxe7 16. Rd1 b5 17. a3 Bb7 18. O-O Rhd8 19. Rd3 Rac8 20. Rfd1
Bc6 21. b4 Bf8 22. Rd6 Ne8 23. Nd5+ Kxd6 24. Nb6+ Kc7 25. Nxc8 Kxc8 26. c3 h5
27. g3 Nf6 28. Rc1 Bh6 29. Rc2 Kb7 30. c4 Rc8 31. c5 Nxe4 32. Nc3 f5 33. Nxe4
fxe4 34. Bg2 e3 35. Re2 exf2+ 36. Kxf2 Re8 37. Be4 Rf8+ 38. Kg1 Bxe4 39. Rxe4
Rf5 40. g4 hxg4 41. Rxg4 Rg5 42. Rxg5 Bxg5 43. Kg2 Bc1 44. Kg3 Bxa3 45. Kg4
Bxb4 46. Kg5 Bxc5 47. Kxg6 e4 48. h4 e3 49. h5 e2 50. h6 Bd4 51. h7 e1=Q 52.
Kf7 Qe6+ 53. Kf8 Qh6+ 54. Ke8 Qxh7 55. Kd8 Bf6+ 56. Ke8 Qe7# 0-1

[Event "Ann Arbor (HVA/2/9)"]
[Site "?"]
[Date "1995.??.??"]
[Round "?"]
[White "Aldrich, Justin"]
[Black "Dolin, Jack"]
[Result "1-0"]
[WhiteElo "1605"]
[BlackElo "1605"]
[PlyCount "35"]
[EventDate "1995.??.??"]

{2/(9)} 1. e4 e5 2. Nf3 Nc6 3. Bc4 Bc5 4. d3 Nf6 5. Nc3 O-O 6. Bg5 h6 7. Bh4
Nd4 8. Nd5 g5 9. Bg3 d6 10. c3 Ne6 11. h4 c6 12. Nxf6+ Qxf6 13. hxg5 Nxg5 14.
Nxg5 Qxg5 15. Rh5 Qg6 16. Rh4 Be6 17. Bxe6 fxe6 18. Rg4 1-0

[Event "East Lansing (Class DE/5/13)"]
[Site "?"]
[Date "1995.??.??"]
[Round "?"]
[White "Aldrich, Justin"]
[Black "Charette, K."]
[Result "1-0"]
[WhiteElo "1605"]
[BlackElo "1605"]
[PlyCount "81"]
[EventDate "1995.??.??"]

{5/(13)} 1. e4 e5 2. Nf3 Nf6 3. Bc4 d6 4. Ng5 Be6 5. Bxe6 fxe6 6. Nxe6 Qe7 7.
Nxf8 Qxf8 8. d3 Nbd7 9. Bg5 h6 10. Bxf6 Nxf6 11. Nc3 c6 12. d4 O-O-O 13. dxe5
dxe5 14. Qe2 Qb4 15. Rb1 h5 16. O-O g5 17. Qf3 Rhf8 18. Qf5+ Rd7 19. Qxe5 Re7
20. Qf5+ Kb8 21. Qxg5 Nxe4 22. Nxe4 Qxe4 23. Qg3+ Ka8 24. Qe3 Qh7 25. Qd3 Qh6
26. Rbd1 a6 27. Qd6 Qh7 28. Rde1 Ref7 29. Re2 h4 30. h3 Qg8 31. Qe6 Qh8 32. c3
Rg7 33. Re4 Ka7 34. Rg4 Rxg4 35. Qxg4 c5 36. Re1 Rg8 37. Qc4 Qg7 38. Qxc5+ Ka8
39. Qd5 Qf8 40. Re4 Rh8 41. Qg5 1-0

[Event "East Lansing (MOR/6/32)"]
[Site "?"]
[Date "1995.??.??"]
[Round "?"]
[White "Aldrich, Justin"]
[Black "Andreas, L."]
[Result "1-0"]
[WhiteElo "1605"]
[BlackElo "1605"]
[PlyCount "35"]
[EventDate "1995.??.??"]

{6/(32)} 1. e4 c5 2. Nf3 Nc6 3. Bc4 e6 4. Nc3 a6 5. d4 b5 6. Be2 cxd4 7. Nxd4
Bb7 8. Bf3 Ne5 9. Bf4 Bd6 10. O-O Nxf3+ 11. Qxf3 e5 12. Nf5 Qf6 13. Bg5 Qe6 14.
Nxg7+ Kf8 15. Nxe6+ dxe6 16. Rad1 Bc7 17. Rd7 Nf6 18. Qxf6 1-0

[Event "East Lansing (MOR/3/41)"]
[Site "?"]
[Date "1995.??.??"]
[Round "?"]
[White "Aldrich, Justin"]
[Black "Anderson, JE."]
[Result "1-0"]
[WhiteElo "1605"]
[BlackElo "1605"]
[PlyCount "79"]
[EventDate "1995.??.??"]

{3/(41)} 1. e4 c5 2. Nf3 d6 3. Nc3 Nf6 4. Bb5+ Bd7 5. Bxd7+ Nbxd7 6. d3 e6 7.
Bg5 Be7 8. O-O O-O 9. Re1 a6 10. e5 Ng4 11. Bxe7 Qxe7 12. exd6 Qxd6 13. Ne4 Qc7
14. h3 Ngf6 15. Qd2 Rad8 16. Qc3 Nxe4 17. Rxe4 Nf6 18. Ree1 b5 19. d4 Nd5 20.
Qxc5 Qxc5 21. dxc5 Rc8 22. Ne5 Rfd8 23. Nd3 a5 24. a3 b4 25. axb4 Nxb4 26. Rxa5
Nxd3 27. cxd3 Rxd3 28. Rea1 g6 29. Ra8 Rf8 30. Rxf8+ Kxf8 31. Ra8+ Ke7 32. Ra7+
Rd7 33. Rxd7+ Kxd7 34. f4 Kc6 35. b4 h6 36. Kf2 g5 37. Ke3 Kb5 38. fxg5 hxg5
39. Ke4 f5+ 40. Ke5 1-0

[Event "Ann Arbor (HVA/3/6)"]
[Site "?"]
[Date "1995.??.??"]
[Round "?"]
[White "Aldrich, Jeff"]
[Black "Vangilder, W."]
[Result "1-0"]
[WhiteElo "1900"]
[BlackElo "1605"]
[PlyCount "29"]
[EventDate "1995.??.??"]

{3/(6)} 1. d4 Nf6 2. c4 e6 3. Nc3 d5 4. Bg5 Nbd7 5. cxd5 exd5 6. e3 Be7 7. Nf3
O-O 8. Qc2 Ne4 9. Bxe7 Qxe7 10. Nxd5 Qd8 11. Qxe4 c6 12. Bd3 g6 13. Ne7+ Kh8
14. Qh4 Qa5+ 15. Kf1 1-0

[Event "Detroit (MI Team/1/3/1)"]
[Site "?"]
[Date "1995.??.??"]
[Round "?"]
[White "Aldrich, Jeff"]
[Black "Tsemekhman, Vadim"]
[Result "0-1"]
[WhiteElo "1935"]
[BlackElo "2475"]
[PlyCount "58"]
[EventDate "1995.??.??"]

{1/3} 1. d4 Nf6 2. c4 e5 3. dxe5 Ng4 4. Nf3 Bc5 5. e3 Nc6 6. Nc3 O-O 7. Be2
Ncxe5 8. Nxe5 Nxe5 9. O-O Re8 10. a3 a5 11. b3 Ra6 12. Ne4 Ba7 13. Qc2 Rh6 14.
f4 Nc6 15. Bf3 d6 16. Ra2 Nd4 17. exd4 Bxd4+ 18. Rf2 Qh4 19. h3 Bxh3 20. gxh3
Qxh3 21. Bg2 Rg6 22. Kf1 Rxg2 23. Rxg2 Qh1+ 24. Ke2 Qxg2+ 25. Kd1 Qh1+ 26. Kd2
Rxe4 27. Qd3 Be3+ 28. Kc3 Qxc1+ 29. Qc2 Qe1+ 0-1

[Event "East Lansing (MI Op/3/13)"]
[Site "?"]
[Date "1995.??.??"]
[Round "?"]
[White "Aldrich, Jeff"]
[Black "Thompson, Dexter"]
[Result "0-1"]
[WhiteElo "1925"]
[BlackElo "2265"]
[PlyCount "94"]
[EventDate "1995.??.??"]

{3/(13)} 1. d4 d5 2. c4 e6 3. Nc3 c6 4. Nf3 dxc4 5. e3 b5 6. a4 Bb4 7. Bd2 a5
8. axb5 Bxc3 9. Bxc3 cxb5 10. Ne5 Bb7 11. Nxf7 Kxf7 12. Qh5+ g6 13. Qxb5 Qd5
14. Qxc4 Qxc4 15. Bxc4 Bxg2 16. Rg1 Bd5 17. b3 Nc6 18. e4 Bxc4 19. bxc4 Nf6 20.
d5 Nb4 21. Ke2 exd5 22. Bxf6 Kxf6 23. exd5 Rhe8+ 24. Kf3 Rec8 25. Rgc1 Nd3 26.
Rd1 Ne5+ 27. Kg3 Rxc4 28. d6 Rg4+ 29. Kh3 h5 30. d7 Nf7 31. f4 Rxf4 32. Kg2 Rf5
33. Rac1 Rd8 34. Rc6+ Ke7 35. Rxg6 Rxd7 36. Re1+ Kf8 37. Ra6 Rd6 38. Ra8+ Kg7
39. Ra1 Rg6+ 40. Kh1 Rgg5 41. h4 Rg4 42. R8xa5 Rxh4+ 43. Kg2 Rg4+ 44. Kh1 Ne5
45. Ra7+ Kh6 46. Ra8 Rfg5 47. Re8 Rh4# 0-1

[Event "Detroit (MI Action/4/1)"]
[Site "?"]
[Date "1995.??.??"]
[Round "?"]
[White "Aldrich, Jeff"]
[Black "Thompson, Dexter"]
[Result "0-1"]
[WhiteElo "1915"]
[BlackElo "2225"]
[PlyCount "76"]
[EventDate "1995.??.??"]

{4/(1)} 1. d4 Nf6 2. c4 e5 3. dxe5 Ng4 4. Nf3 Bc5 5. e3 Nc6 6. Bd2 Ngxe5 7.
Nxe5 Nxe5 8. Bc3 d6 9. Nd2 a5 10. a3 O-O 11. Be2 f5 12. O-O Be6 13. b4 Ba7 14.
Qc2 f4 15. exf4 Rxf4 16. Bxe5 dxe5 17. Bf3 Bf5 18. Qa2 Bd4 19. Bxb7 Ra7 20.
Bd5+ Kh8 21. Rad1 axb4 22. a4 Qe8 23. Nf3 Rxa4 24. Qe2 c5 25. Rfe1 Bg4 26. Qc2
Bxf3 27. Bxf3 Ra3 28. Rd3 Qg6 29. Rxa3 bxa3 30. Qb3 Rf8 31. Qxa3 e4 32. Rxe4
Bxf2+ 33. Kxf2 Qxe4 34. Qxc5 Qf4 35. Qd5 Rb8 36. Qe4 Rb2+ 37. Ke1 Qd2+ 38. Kf1
Qf2# 0-1

[Event "East Lansing (MI Op/4/31)"]
[Site "?"]
[Date "1995.??.??"]
[Round "?"]
[White "Aldrich, Jeff"]
[Black "Steverson, Bunnard"]
[Result "0-1"]
[WhiteElo "1925"]
[BlackElo "1830"]
[PlyCount "78"]
[EventDate "1995.??.??"]

{4/(31)} 1. d4 Nf6 2. c4 g6 3. Nc3 d5 4. cxd5 Nxd5 5. e4 Nxc3 6. bxc3 Bg7 7.
Bc4 c5 8. Be3 O-O 9. Ne2 cxd4 10. cxd4 Nc6 11. O-O b6 12. Bd5 Bb7 13. Rc1 Na5
14. Bxb7 Nxb7 15. Qa4 Na5 16. f3 Rc8 17. Bf4 Qe8 18. Qb4 Qd7 19. d5 Nb7 20. Nd4
e5 21. Bxe5 Bxe5 22. Nc6 Bd6 23. Qd2 Nd8 24. Nd4 Bc5 25. Kh1 Nc6 26. Nf5 Ne5
27. Nh6+ Kh8 28. Qb2 f6 29. f4 Nd3 30. Qe2 Nxc1 31. Rxc1 Qg7 32. Ng4 Ba3 33.
Rd1 Rc1 34. h3 Rfc8 35. Kh2 h5 36. Ne3 Qe7 37. Rd3 Bd6 38. Qf3 R8c3 39. Rd2 Re1
0-1

[Event "Ann Arbor (HVA/4/3)"]
[Site "?"]
[Date "1995.??.??"]
[Round "?"]
[White "Aldrich, Jeff"]
[Black "Skidmore, Jennifer"]
[Result "1-0"]
[WhiteElo "1900"]
[BlackElo "1900"]
[PlyCount "61"]
[EventDate "1995.??.??"]

{4/(3)} 1. d4 d5 2. c4 e6 3. Nc3 c6 4. Nf3 dxc4 5. e3 b5 6. a4 Bb4 7. Bd2 Bxc3
8. Bxc3 Ne7 9. axb5 cxb5 10. b3 Nbc6 11. bxc4 b4 12. Bb2 O-O 13. Bd3 Bb7 14.
Bxh7+ Kxh7 15. Ng5+ Kg6 16. Qg4 f5 17. Qg3 f4 18. Qg4 Kh6 19. Nxe6 Nf5 20. Nxd8
Raxd8 21. d5 fxe3 22. O-O exf2+ 23. Rxf2 Nce7 24. Rf3 Kh7 25. Raf1 g6 26. Qg5
Bc8 27. Rh3+ Kg8 28. Rh8+ Kf7 29. Qf6+ Ke8 30. Qxf8+ Kd7 31. Qxd8# 1-0

[Event "East Lansing (MI Op/1b/2)"]
[Site "?"]
[Date "1995.??.??"]
[Round "?"]
[White "Aldrich, Jeff"]
[Black "Rajlich, Vasik"]
[Result "0-1"]
[WhiteElo "1925"]
[BlackElo "2255"]
[PlyCount "82"]
[EventDate "1995.??.??"]

1. d4 Nf6 2. c4 g6 3. Nc3 Bg7 4. e4 d6 5. f3 O-O 6. Bg5 c5 7. d5 Na6 8. Qd2 Nc7
9. Nge2 a6 10. a4 Bd7 11. a5 Qb8 12. Ng3 b5 13. axb6 Qxb6 14. Bd3 Rfb8 15. Rb1
a5 16. O-O a4 17. Be3 Qa5 18. e5 dxe5 19. Nge4 Nxe4 20. Bxe4 Ra6 21. Qf2 f5 22.
Bd3 a3 23. Nd1 Rb3 24. Bd2 Qb6 25. Bc2 a2 26. Ra1 Rxb2 27. Nxb2 Qxb2 28. Qxc5
Ne8 29. Qxe7 Rd6 30. Bxf5 gxf5 31. Qg5 Rg6 32. Qe3 Bh6 33. Qxh6 Rxh6 34. Bxh6
Qb6+ 35. Kh1 Qxh6 36. Rxa2 Nf6 37. Rd1 Nh5 38. c5 Ng3+ 39. Kg1 Qe3+ 40. Rf2
Ne2+ 41. Kf1 Bb5 0-1

[Event "Detroit (WCO/1/4)"]
[Site "?"]
[Date "1995.??.??"]
[Round "?"]
[White "Aldrich, Jeff"]
[Black "Parker, Dea"]
[Result "1-0"]
[WhiteElo "1900"]
[BlackElo "1605"]
[PlyCount "45"]
[EventDate "1995.??.??"]

{1/(4)} 1. d4 Nf6 2. c4 d6 3. Nc3 g6 4. e4 Nc6 5. Be2 Bg7 6. f4 e6 7. Nf3 O-O
8. O-O b6 9. d5 Ne7 10. Nd4 Bb7 11. Bf3 a6 12. dxe6 fxe6 13. Nxe6 Qc8 14. Nxf8
Qxf8 15. e5 Bxf3 16. Rxf3 dxe5 17. fxe5 Nc6 18. exf6 Bxf6 19. Qd5+ Kh8 20. Qxc6
Qh6 21. Bxh6 Re8 22. Qxf6+ Kg8 23. Qg7# 1-0